Función de variable compleja

Bibliographic Details
Main Author: Madrid. Universidad Politécnica de Madrid
Format: Section = Libro
Language:Undetermined
Spanish
Published: Madrid, España Universidad Politécnica de Madrid 1981
Subjects:
LEADER 00525nam a2200181Ia 4500
008 240829s9999 xx 000 0 und d
020 |a 84-85632-23-0 
040 |a BIBLIOTECA-RUSB/ 515.92 U58 
041 |a spa 
082 |a 515.92 U58 
100 1 |a Madrid. Universidad Politécnica de Madrid 
245 1 0 |a Función de variable compleja 
260 |a Madrid, España  |b Universidad Politécnica de Madrid  |c 1981 
300 |a 349 p. :il. 
650 7 |a FUNCIONES DE VARIABLE COMPLEJA 
942 |c BK  |2 ddc 
991 |a TEXTO 
999 |c 1782